La seguridad humana : informe sobre desarrollo humano en la provincia de buenos aires 1998 /
Guardado en:
| Formato: | Libro |
|---|---|
| Publicado: |
Buenos Aires :
Honorable Senado de la Naci¢n / Banco Prov. de Buenos Aires,
1998
|
| Materias: | |
| Etiquetas: |
Agregar Etiqueta
Sin Etiquetas, Sea el primero en etiquetar este registro!
|
| LEADER | 00551nam a22001455a 4500 | ||
|---|---|---|---|
| 001 | CEM.cems010132 | ||
| 005 | 20080606094526.0 | ||
| 008 | 130507s1998##################000#0#####d | ||
| 003 | CEMS | ||
| 082 | 0 | 4 | |a 361.90982 |
| 245 | 0 | 0 | |a La seguridad humana : |b informe sobre desarrollo humano en la provincia de buenos aires 1998 / |
| 260 | |a Buenos Aires : |b Honorable Senado de la Naci¢n / Banco Prov. de Buenos Aires, |c 1998 | ||
| 300 | |a 331 p. | ||
| 653 | |a Buenos aires-desarrollo humano | ||
| 859 | |a CEMS |b BIB. CEMS - 11 de abril |h 361.90982 |i Ar37-1 |p 20612.99 |t Ej.1 |v 1998 |3 1998 | ||
